FC Arsenal Legends - Statistics

General Stats
  • This quiz has been taken 582 times
  • The average score is 11 of 24
Answer Stats
Picture Answer % Correct
Thierry Henry
97%
Dennis Bergkamp
90%
Ashley Cole
88%
Patrick Vieira
87%
Sol Campbell
87%
David Seaman
77%
Robert Pires
72%
Ian Wright
69%
Emmanuel Petit
59%
Tony Adams
57%
Freddie Ljungberg
51%
Marc Overmars
49%
Nwankwo Kanu
46%
Ray Parlour
31%
Lee Dixon
29%
Paul Merson
17%
David Rocastle
16%
Pat Jennings
15%
David O'Leary
14%
Liam Brady
13%
Charlie George
11%
Pat Rice
11%
Cliff Bastin
5%
Frank McLintock
5%
No matching quizzes found
Score Distribution
Percent of People with Each Score
Percentile by Number Answered
Your Score History
You have not taken this quiz